[Event "Challenge #05"]
[Site "http://www.queenalice.com/game.php?id=651969"]
[Date "2009.9.14"]
[Round "-"]
[White "Aylton"]
[Black "polaris"]
[Result "0-1"]
[WhiteElo "1971"]
[BlackElo "2359"]

1. f4 e5 2. fxe5 d6 3. exd6 Bxd6 4. Nf3 Bg4 5. e3 h5 6. Be2 Nc6 7. O-O Qe7 8. h3
O-O-O 9. d3 Nh6 10. Nc3 Nf5 11. hxg4 Nxe3 12. Qd2 Bc5 13. Rf2 hxg4 14. Ne4 gxf3
15. Bxf3 Qe5 16. g3 Rh3 17. Nxc5 Rxg3+ 18. Bg2 Nxg2 19. Rxg2 Nd4 20. Rxg3 Qxg3+
21. Qg2 Nf3+ 0-1

[Event "Challenge #06"]
[Site "http://www.queenalice.com/game.php?id=651970"]
[Date "2009.9.14"]
[Round "-"]
[White "polaris"]
[Black "Aylton"]
[Result "1-0"]
[WhiteElo "2362"]
[BlackElo "1947"]

1. f4 d5 2. Nf3 Nf6 3. g3 e6 4. Bg2 c5 5. O-O Nc6 6. d3 Be7 7. c3 O-O 8. Qc2 h6
9. e4 dxe4 10. dxe4 b6 11. Rd1 Qc7 12. e5 Nd7 13. Na3 a6 14. Nc4 Bb7 15. f5 exf5
16. Bf4 Qc8 17. Qxf5 Ndxe5 18. Qxc8 Nxf3+ 19. Bxf3 Raxc8 20. Rd7 g5 21. Be3 b5
22. Rxb7 bxc4 23. Bxc6 1-0

[Event "Challenge"]
[Site "http://www.queenalice.com/game.php?id=674272"]
[Date "2009.10.29"]
[Round "-"]
[White "manucies"]
[Black "polaris"]
[Result "0-1"]
[WhiteElo "1525"]
[BlackElo "2381"]

1. b4 e5 2. Bb2 Bxb4 3. Bxe5 Nf6 4. c4 d6 5. Bc3 Nc6 6. g3 O-O 7. Bg2 Bc5 8. d4
Bb6 9. d5 Ne5 10. Nd2 Bxf2+ 11. Kxf2 Nfg4+ 12. Ke1 Ne3 13. Qb1 Nxg2+ 14. Kf2 Nh4
15. Bxe5 dxe5 16. gxh4 Qxh4+ 17. Kf1 e4 18. Qxe4 Qf6+ 19. Ndf3 Qxa1+ 20. Kf2 Bd7
21. Ng5 f5 22. Qe7 Qd4+ 23. e3 Qh4+ 24. Ke2 Qxc4+ 25. Ke1 Qxd5 26. N1f3 Rae8 27.
Qa3 f4 28. Ke2 Rxe3+ 29. Qxe3 Bb5+ 0-1

[Event "Challenge"]
[Site "http://www.queenalice.com/game.php?id=690168"]
[Date "2009.11.28"]
[Round "-"]
[White "polaris"]
[Black "hamurobi2"]
[Result "1-0"]
[WhiteElo "2387"]
[BlackElo "1803"]

1. e4 e5 2. Nf3 Nc6 3. Bc4 h6 4. d4 exd4 5. Nxd4 Qf6 6. Be3 Bc5 7. c3 Nxd4 8.
cxd4 Bb6 9. Nc3 Ba5 10. O-O Bxc3 11. bxc3 d6 12. f4 Bd7 13. Qb3 b6 14. f5 Bc6
15. e5 Qe7 16. Rae1 O-O-O 17. Bxf7 dxe5 18. dxe5 Qxe5 19. Bxb6 Qb5 20. Bxa7 Qxb3
21. axb3 Nf6 22. Ra1 Rd2 23. Rf2 Rxf2 24. Bxf2 Ne4 25. Bd4 Rf8 26. Be6+ Kd8 27.
Bxg7 Re8 28. Rd1+ Ke7 29. Bxh6 Nxc3 30. Bg5+ Kf8 31. Re1 Ne4 32. Bh6+ Ke7 33.
Bf4 Nc5 34. Bxc7 Nxe6 35. Rxe6+ Kf7 36. Rxc6 1-0

[Event "Challenge"]
[Site "http://www.queenalice.com/game.php?id=701145"]
[Date "2009.12.21"]
[Round "-"]
[White "polaris"]
[Black "girlalone"]
[Result "1-0"]
[WhiteElo "2389"]
[BlackElo "1778"]

1. e4 e6 2. Nf3 d5 3. exd5 exd5 4. d4 Nc6 5. Bb5 Bd6 6. O-O Bg4 7. Nc3 Ne7 8.
Bg5 f6 9. Bh4 O-O 10. h3 Bxf3 11. Qxf3 Nxd4 12. Qd3 Nxb5 13. Nxb5 Be5 14. c3 c6
15. Nd4 Qb6 16. Nb3 1-0

[Event "Challenge"]
[Site "http://www.queenalice.com/game.php?id=702480"]
[Date "2009.12.23"]
[Round "-"]
[White "m"]
[Black "polaris"]
[Result "0-1"]
[WhiteElo "1991"]
[BlackElo "2388"]

1. c4 Nf6 2. d4 c5 3. d5 b5 4. cxb5 a6 5. Nc3 axb5 6. e4 b4 7. e5 bxc3 8. exf6
cxb2 9. Bxb2 Qa5+ 10. Qd2 Qxd2+ 11. Kxd2 gxf6 12. Nf3 Bh6+ 13. Kc2 d6 14. Bd3
Na6 15. a3 Nc7 16. Bc4 Bf5+ 17. Kc3 Be4 18. Rad1 Rg8 19. Rhg1 Rb8 20. h3 Bf4 21.
a4 Bxf3 22. gxf3 Rxg1 23. Rxg1 Be5+ 24. Kd3 Rxb2 0-1

[Event "Challenge"]
[Site "http://www.queenalice.com/game.php?id=702481"]
[Date "2009.12.23"]
[Round "-"]
[White "polaris"]
[Black "m"]
[Result "1-0"]
[WhiteElo "2401"]
[BlackElo "2033"]

1. f4 f5 2. Nf3 e6 3. g3 d5 4. Bg2 Nf6 5. O-O Bd6 6. b3 O-O 7. Bb2 c5 8. c4 d4
9. Na3 a6 10. Nc2 Nc6 11. e3 dxe3 12. Nxe3 Ne4 13. d3 Nf6 14. Re1 Bd7 15. Qe2
Qc7 16. Bc3 Rab8 17. Rad1 b5 18. Ba1 b4 19. h3 Rbe8 20. Nc2 h6 21. Ne5 Bxe5 22.
fxe5 Nh7 23. Qe3 Ne7 24. d4 f4 25. gxf4 Nf5 26. Qe4 cxd4 27. Nxb4 Qa5 28. Nc2
Qxa2 29. Nxd4 Nxd4 30. Qxd4 Bc8 31. Bc6 Re7 32. Qc3 Bb7 33. Bb2 Bxc6 34. Ra1
Qxa1 35. Rxa1 Rxf4 36. Rf1 Ref7 37. Rxf4 Rxf4 38. Qa5 Ng5 39. Bc1 Rf5 40. Bxg5
Rxg5+ 41. Kf2 Kh7 42. Qxa6 Be4 43. Qxe6 Bf5 44. Qd5 Bxh3 45. c5 Bf5 46. c6 h5
47. c7 h4 48. e6 h3 49. c8=Q h2 50. Qda8 1-0

[Event "Challenge"]
[Site "http://www.queenalice.com/game.php?id=706806"]
[Date "2010.1.1"]
[Round "-"]
[White "GMkozakov"]
[Black "polaris"]
[Result "0-1"]
[WhiteElo "2383"]
[BlackElo "2390"]

1. d4 c5 2. dxc5 e6 3. Nc3 Bxc5 4. e4 Nc6 5. Nf3 a6 6. Bd3 Nf6 7. O-O d6 8. h3
O-O 9. Bg5 h6 10. Bh4 g5 11. Nxg5 hxg5 12. Bxg5 Bd4 13. Ne2 Qa5 14. Bd2 Qh5 15.
Nxd4 Nxd4 16. Bb4 e5 17. f4 Bg4 18. Qd2 Kh7 19. Bxd6 Rg8 20. hxg4 Nxg4 21. g3
Rg6 22. Be7 Rag8 23. Bg5 f6 24. Bh4 Ne3 0-1

[Event "Challenge #07"]
[Site "http://www.queenalice.com/game.php?id=737919"]
[Date "2010.2.26"]
[Round "-"]
[White "Aylton"]
[Black "polaris"]
[Result "0-1"]
[WhiteElo "1932"]
[BlackElo "2402"]

1. d4 e5 2. dxe5 Nc6 3. Nf3 Qe7 4. Nc3 Nxe5 5. Nxe5 Qxe5 6. f4 Qe6 7. a3 Nf6 8.
h3 d5 9. e3 Bc5 10. Qd3 O-O 11. Be2 Re8 12. Kf2 Bd7 13. g4 Rad8 14. b4 d4 15.
Nd1 dxe3+ 16. Nxe3 Bc6 17. bxc5 Rxd3 18. cxd3 Bxh1 0-1

[Event "Challenge #08"]
[Site "http://www.queenalice.com/game.php?id=737920"]
[Date "2010.2.26"]
[Round "-"]
[White "polaris"]
[Black "Aylton"]
[Result "1-0"]
[WhiteElo "2404"]
[BlackElo "1938"]

1. f4 d5 2. Nf3 Nf6 3. g3 e6 4. Bg2 c5 5. O-O Nc6 6. d3 Be7 7. e4 dxe4 8. dxe4
Qxd1 9. Rxd1 Nxe4 10. Ne5 Nxe5 11. fxe5 f5 12. exf6 Nxf6 13. Nc3 O-O 14. Bf4 a6
15. h3 h6 16. Re1 g5 17. Be5 Nd7 18. Bc7 Nf6 19. Rad1 Kf7 20. Rf1 Kg6 21. Na4
Nd5 22. Be4+ Kg7 23. Be5+ Bf6 24. Rxf6 Nxf6 25. Nb6 Ra7 26. Nxc8 Rxc8 27. Rd7+
Kg8 28. Bxf6 c4 29. Rg7+ Kf8 30. Bg6 1-0

[Event "Challenge"]
[Site "http://www.queenalice.com/game.php?id=749216"]
[Date "2010.3.20"]
[Round "-"]
[White "Thanasis"]
[Black "polaris"]
[Result "0-1"]
[WhiteElo "1631"]
[BlackElo "2405"]

1. e4 d5 2. exd5 Qxd5 3. Nc3 Qa5 4. Nf3 Bg4 5. d4 Nf6 6. Bd2 c6 7. Be2 Nbd7 8.
O-O e6 9. Ne4 Qb6 10. Nxf6+ Nxf6 11. Bc3 Bd6 12. a3 h5 13. Ne5 Rd8 14. Nc4 Qc7
15. b4 Bxh2+ 16. Kh1 Ne4 17. Qd3 Bxe2 18. Qxe4 Bxc4 19. g3 Bd5 0-1

[Event "Let's Play Chess!"]
[Site "http://www.queenalice.com/game.php?id=798638"]
[Date "2010.7.4"]
[Round "-"]
[White "polaris"]
[Black "DAPONT"]
[Result "1-0"]
[WhiteElo "2406"]
[BlackElo "1871"]

1. f4 d5 2. Nf3 e6 3. g3 Be7 4. Bg2 Nh6 5. O-O Ng4 6. h3 h5 7. hxg4 hxg4 8. Ne5
Nd7 9. e4 c6 10. Qxg4 Bc5+ 11. Rf2 Qf6 12. Nxd7 Bxd7 13. e5 Bxf2+ 14. Kxf2 Qe7
15. d4 O-O-O 16. a4 c5 17. Be3 c4 18. a5 Rh6 19. Nc3 Rg6 20. Qf3 Bc6 21. f5 Rf8
22. a6 Qd8 23. axb7+ Kxb7 24. b3 f6 25. bxc4 fxe5 26. cxd5 exd5 27. Nxd5 Rd6 28.
dxe5 Rxd5 29. Qf4 Rxf5 30. Rxa7+ Kb8 31. Qxf5 Rd2+ 32. Ke1 Rd1+ 33. Ke2 Bxg2 34.
e6 1-0

[Event "Let's Play Chess!"]
[Site "http://www.queenalice.com/game.php?id=828329"]
[Date "2010.9.5"]
[Round "-"]
[White "igorjava"]
[Black "polaris"]
[Result "1-0"]
[WhiteElo "1936"]
[BlackElo "2408"]

1. e4 d5 2. exd5 Qxd5 3. Nf3 Bg4 4. Nc3 Qa5 5. Be2 Nf6 6. O-O e6 7. h3 Bh5 8. d4
Be7 9. Ne5 Bxe2 10. Qxe2 O-O 11. Qf3 Qb6 12. Qd1 Rd8 13. Be3 c5 14. Ne2 Nbd7 15.
Nxd7 Rxd7 16. b3 cxd4 17. Bxd4 Qc6 18. Qe1 Qxc2 19. Bc3 Rad8 20. f3 Nd5 21. Be5
Bc5+ 22. Bd4 Bxd4+ 23. Nxd4 Qc5 24. Qf2 Nf4 25. Nc2 Ne2+ 26. Kh2 Qxc2 27. Rfc1
Qb2 28. Rcb1 Qe5+ 29. Kh1 Rd2 30. Re1 Ng3+ 31. Kg1 1-0

[Event "Challenge"]
[Site "http://www.queenalice.com/game.php?id=894955"]
[Date "2011.2.2"]
[Round "-"]
[White "augustoluizheck"]
[Black "polaris"]
[Result "0-1"]
[WhiteElo "1489"]
[BlackElo "2407"]

1. c4 Nf6 2. d4 g6 3. Nc3 Bg7 4. Nf3 d6 5. Bd2 O-O 6. Qc2 Nc6 7. e3 e5 8. d5 e4
9. dxc6 exf3 10. cxb7 Bxb7 11. g3 Qd7 12. Bd3 Rab8 13. O-O-O Rfe8 14. h4 Ng4 15.
Rdf1 d5 16. cxd5 Bxd5 0-1

[Event "Let's Play Chess!"]
[Site "http://www.queenalice.com/game.php?id=1033367"]
[Date "2012.2.27"]
[Round "-"]
[White "polaris"]
[Black "igorjava"]
[Result "1-0"]
[WhiteElo "2367"]
[BlackElo "1888"]

1. e4 c5 2. b4 cxb4 3. a3 e5 4. Bc4 Nf6 5. Qe2 bxa3 6. Nf3 Bc5 7. Bxf7+ Kxf7 8.
Qc4+ Ke8 9. Qxc5 d6 10. Qc4 Nc6 11. Nc3 Qe7 12. Bxa3 a6 13. O-O Bg4 14. Ng5 h6
15. Nd5 Nxd5 16. exd5 Nd4 17. Ne4 Be2 18. d3 Bxf1 19. Bxd6 Qd7 20. Bxe5 Rc8 21.
Nd6+ Ke7 22. Qxd4 Rxc2 23. Rxf1 Rhc8 24. Qe4 Kf8 25. Nxc8 Rxc8 26. d6 Re8 27. d4
a5 28. Rc1 Rc8 29. Rc7 1-0

[Event "Challenge"]
[Site "http://www.queenalice.com/game.php?id=1043456"]
[Date "2012.3.28"]
[Round "-"]
[White "polaris"]
[Black "plot24"]
[Result "1-0"]
[WhiteElo "2366"]
[BlackElo "1888"]

1. e4 e5 2. Nf3 Nc6 3. Bc4 Be7 4. d4 exd4 5. c3 Na5 6. Bxf7+ Kxf7 7. cxd4 d6 8.
O-O h6 9. Nc3 Nf6 10. b4 Nc4 11. Qb3 d5 12. Nxd5 Be6 13. Qxc4 c6 14. Ne5+ Kg8
15. Nxf6+ 1-0